Statistiken für Länder, die an Frankreich grenzen

Klicken Sie hier um das Quiz zu spielen!

Allgemein

  • Dieses Quiz wurde 730 mal gespielt
  • Das Durchschnittsergebnis liegt bei 9 aus 10

Antwortstatistiken

Länge (km) Land % Korrekt
418Deutschland
100%
646Spanien
100%
556Belgien
99%
525Schweiz
96%
476Italien
95%
69Luxemburg
94%
55Andorra
93%
6Monaco
87%
649Brasilien
66%
556Suriname
59%

Verteilung der Resultate

Perzentil nach korrekt beantworteten Fragen

Anzahl Personen mit jedem Resultat

Ihre Resultats-Entwicklung

Sie haben dieses Quiz noch nicht gespielt